| 000 | 00570nam a2200193 a 4500 | ||
|---|---|---|---|
| 001 | BRCA_1179 | ||
| 005 | 20190320203321.0 | ||
| 008 | 920824s1990 mx-a---##b---#000-0#spa-# | ||
| 040 |
_aDLC _cDLC |
||
| 050 | 4 |
_aF1226 _b.C66 1990 |
|
| 100 | 1 |
_aCortina Portilla, Manuel _9755 |
|
| 245 | 1 | 0 |
_aAlgo de lo nuestro _cManuel Cortina Portilla. |
| 260 |
_aMéxico _bCONSA _c1990 |
||
| 300 |
_a66 p. _bil. a color _c30 cm. |
||
| 651 | 4 |
_aMéxico (Ciudad) _xVida social y costumbres _93890 |
|
| 651 | 4 |
_aCiuda de México _xHistoria _93891 |
|
| 653 | 0 | _aVida cotidiana | |
| 942 |
_2lcc _cB |
||
| 999 |
_c1056 _d1056 |
||